00982nam a22002417a 450000500170000001000150001702000260003203500130005803700130007108200130008410000540009724500850015126000360023627000540027230000680032649000810039465000410047565000320051670000220054894200270057099900170059795201260061420130917144851.0 aENG-108110 a9788182746640c990.00 aEN-91643 bDBAD/PUB a954.08450 aBhargava, K. D.d1912-q(Bhargava, Krishna Dayal)10aCampaigns in South-East Asia, 1941-42 /cby K. D. Bhargava [and] K. N. V. Sastri aNew DelhibPentagon Pressc2012 a206, Peacock Lane, Shahpur JatbNew Delhie110049 axxxix, 424p. :billus., maps (part fold. col.) ports.c25cm(Hb) aOfficial history of the Indian Armed Forces in the Second World War, 1939-45 0aWorld War, 1939-1945zSoutheast Asia 0aWorld War, 1939-1945zIndia1 aSastri, K. N. V.  2ddccENmBHAh954.0845 c77919d77919 001040718NFICaDBADbDBADd2013-07-22eDBAD/PUBg990.00l0o954.0845 BHApEN-91643r2013-07-22 00:00:00t1v990.00yEN